All Countries Starting With T - Statistics

General Stats
  • This quiz has been taken 24 times
  • The average score is 9 of 10
Answer Stats
Answer % Correct
Turkey
100%
Tajikistan
96%
Turkmenistan
96%
Thailand
91%
Tuvalu
91%
Tanzania
87%
Tonga
83%
Trinidad and Tobago
83%
Tunisia
78%
Togo
74%
No matching quizzes found
Score Distribution
Percent of People with Each Score
Percentile by Number Answered
Your Score History
You have not taken this quiz